[Event "World Youth Boys U16 2014"]
[Site "Durban RSA"]
[Date "2014.09.20"]
[Round "1.1"]
[White "Ait Abbas, Yacine"]
[Black "Saiyn, Zhanat"]
[Result "0-1"]
[BlackTitle "FM"]
[WhiteElo "1853"]
[BlackElo "2397"]
[WhiteFideId "7904150"]
[BlackFideId "13703820"]
[EventDate "2014.09.20"]

1. c4 e5 2. g3 Nf6 3. Bg2 d5 4. cxd5 Nxd5 5. Nc3 Nb6 6. Nf3 Nc6 7. a3 Be7 8. b4
Be6 9. Bb2 O-O 10. O-O f6 11. d3 a5 12. b5 Nd4 13. Nxd4 exd4 14. Na4 Bd5 15.
Bxd5+ Qxd5 16. Nxb6 cxb6 17. Qa4 Bc5 18. Rac1 Rfe8 19. Rfe1 Kh8 20. Qc4 Qd6 21.
Rc2 Rad8 22. Qa4 Qd7 23. Rc4 h6 24. Kg2 Qd5+ 25. Kg1 Re6 26. Rc2 Rde8 27. Qc4
Qd7 28. Qa4 f5 29. Rc4 Rxe2 30. Rxe2 Rxe2 31. Bxd4 Re1+ 32. Kg2 Qd5+ 33. Kh3 Rg1
34. f3 Bxd4 35. Rxd4 Qxf3 36. Qc2 Qf1+ 37. Kh4 Rg2 38. Qc8+ Kh7 39. h3 Rh2 0-1

[Event "World Youth Boys U16 2014"]
[Site "Durban RSA"]
[Date "2014.09.20"]
[Round "1.2"]
[White "Petrosyan, Manuel"]
[Black "Sasitharan, Abhiram"]
[Result "1-0"]
[WhiteTitle "FM"]
[BlackTitle "CM"]
[WhiteElo "2397"]
[BlackElo "1854"]
[WhiteFideId "13300857"]
[BlackFideId "11301155"]
[EventDate "2014.09.20"]

1. Nf3 Nf6 2. c4 c5 3. Nc3 Nc6 4. e3 g6 5. d4 cxd4 6. exd4 d6 7. d5 Nb8 8. Be2
Bg4 9. O-O Bg7 10. h3 Bxf3 11. Bxf3 O-O 12. Be3 Nbd7 13. Rc1 Rc8 14. Be2 b6 15.
Nb5 a6 16. Na7 Rc7 17. Nc6 Qe8 18. Re1 Nb8 19. Bxb6 Rb7 20. Bd4 Nxc6 21. dxc6
Rc7 22. Bf3 Qb8 23. Re3 e5 24. Rb3 Qe8 25. Bb6 Rc8 26. Bd5 Rxc6 27. Bxc6 Qxc6
28. Be3 Nd7 29. Qd5 Qc7 30. Rb7 Qc8 31. Ra7 e4 32. c5 Bxb2 33. Rb1 Be5 34. cxd6
Bg7 35. Rc7 Qd8 36. Rbb7 Ne5 37. Bf4 Qe8 38. d7 Qe7 39. Rc8 Nxd7 40. Rxf8+ Bxf8
41. Rxd7 Qf6 42. Be5 Qf5 43. Rd8 1-0

[Event "World Youth Boys U16 2014"]
[Site "Durban RSA"]
[Date "2014.09.20"]
[Round "1.3"]
[White "Mayed, Al-Rashedi"]
[Black "Ali Marandi, Cemil Can"]
[Result "0-1"]
[WhiteTitle "FM"]
[BlackTitle "IM"]
[WhiteElo "1859"]
[BlackElo "2408"]
[WhiteFideId "9303871"]
[BlackFideId "6300529"]
[EventDate "2014.09.20"]

1. e4 e6 2. d4 d5 3. Nd2 Be7 4. Ngf3 Nf6 5. e5 Nfd7 6. Bd3 c5 7. c3 Nc6 8. b3 a6
9. Bb2 b5 10. O-O Qb6 11. Qe2 Bb7 12. Rac1 O-O 13. Rfd1 Rac8 14. Nf1 Rc7 15. Bb1
Rfc8 16. Ng3 a5 17. a3 b4 18. cxb4 axb4 19. dxc5 Nxc5 20. a4 Na5 21. Nd4 g6 22.
Bc2 Ba6 23. Qe3 Nd7 24. Nge2 Bc5 25. Bb1 Nc6 26. Bd3 Bxd3 27. Qxd3 Ndxe5 28. Qd2
Nd7 29. Kh1 Nxd4 30. Nxd4 Bf8 31. Rxc7 Rxc7 32. Nb5 Rc8 33. Kg1 Be7 34. Bd4 Qb7
35. Bb2 Qb8 36. Re1 Qb6 37. Bd4 Bc5 38. Rc1 e5 39. Bb2 d4 40. Qd3 Re8 41. Re1
Re6 42. f3 Bf8 0-1

[Event "World Youth Boys U16 2014"]
[Site "Durban RSA"]
[Date "2014.09.20"]
[Round "1.4"]
[White "Bellahcene, Bilel"]
[Black "Whatley, Stephen A J"]
[Result "1-0"]
[WhiteTitle "FM"]
[WhiteElo "2428"]
[BlackElo "1881"]
[WhiteFideId "696358"]
[BlackFideId "420441"]
[EventDate "2014.09.20"]

1. d4 Nf6 2. Nf3 g6 3. c4 c5 4. Nc3 Bg7 5. d5 d6 6. e4 O-O 7. Bd3 a6 8. a4 Nbd7
9. O-O Rb8 10. h3 Ne8 11. Bf4 e5 12. Bg5 Ndf6 13. Qd2 Qc7 14. Ne2 b5 15. axb5
axb5 16. b3 Nh5 17. g4 bxc4 18. bxc4 Nhf6 19. Nh4 h5 20. f3 Nh7 21. Be3 Qe7 22.
Ng2 Nc7 23. Ra7 Rb7 24. Rxb7 Bxb7 25. gxh5 g5 26. Rb1 Na6 27. Ng3 Bc8 28. Bf2
Qf6 29. Be2 Bxh3 30. Ne3 Nb4 31. Ngf5 Bxf5 32. Nxf5 Ra8 33. Be1 Qd8 34. Qc1 Qb6
35. Qe3 Qc7 36. Bxb4 Rb8 37. Kf2 cxb4 38. Ra1 Bf8 39. Ra7 Rb7 40. Ra8 Rb8 41.
Qa7 Qxa7+ 42. Rxa7 Nf6 43. h6 g4 44. fxg4 Nxe4+ 45. Ke3 Nc5 46. Bd3 b3 47. Bb1
b2 48. g5 e4 49. Ke2 Nd3 50. Ng3 Nc5 51. Nh5 Rb7 52. Nf6+ Kh8 53. Ra8 Nd7 54.
Nxd7 Rxd7 55. Rxf8+ Kh7 56. Bxe4+ f5 57. Bxf5# 1-0

[Event "World Youth Boys U16 2014"]
[Site "Durban RSA"]
[Date "2014.09.20"]
[Round "1.5"]
[White "Adriaanse, Adam"]
[Black "Pichot, Alan"]
[Result "0-1"]
[BlackTitle "IM"]
[WhiteElo "1922"]
[BlackElo "2452"]
[WhiteFideId "2617838"]
[BlackFideId "110973"]
[EventDate "2014.09.20"]

1. d4 Nf6 2. Nf3 g6 3. c4 Bg7 4. g3 O-O 5. Bg2 d6 6. O-O Nc6 7. Nc3 Bf5 8. Ne1
Qd7 9. e4 Bh3 10. Nc2 e5 11. d5 Na5 12. Qd3 c5 13. Be3 a6 14. b3 Bxg2 15. Kxg2
Ng4 16. Bd2 f5 17. f3 Nf6 18. exf5 gxf5 19. Na4 Nxc4 20. Nxc5 dxc5 21. bxc4 b5
22. d6 e4 23. Qb3 Qxd6 24. Bf4 Qd3 25. Ne3 bxc4 26. Nxc4 Nd5 27. Bd6 exf3+ 28.
Kh1 Qxb3 29. axb3 Bxa1 30. Bxf8 Bd4 31. Bh6 f2 32. Nd6 f4 33. Ne4 Ne3 34. Rxf2
Ng4 35. Rxf4 Nxh6 36. Ng5 Be3 0-1

[Event "World Youth Boys U16 2014"]
[Site "Durban RSA"]
[Date "2014.09.20"]
[Round "1.7"]
[White "Yang, ching Wei, Austin"]
[Black "Van Foreest, Jorden"]
[Result "1/2-1/2"]
[BlackTitle "FM"]
[WhiteElo "1941"]
[BlackElo "2457"]
[WhiteFideId "16300440"]
[BlackFideId "1039784"]
[EventDate "2014.09.20"]

1. e4 c5 2. Nf3 e6 3. d4 cxd4 4. Nxd4 Nc6 5. g3 Qc7 6. Bg2 h5 7. O-O h4 8. Nc3
a6 9. Be3 d6 10. Nxc6 bxc6 11. Qd4 Nf6 12. Rad1 e5 13. Qb6 Qxb6 14. Bxb6 Rb8 15.
Na4 c5 16. b3 Rb7 17. f4 Ng4 18. Rd3 hxg3 19. hxg3 Bd7 20. Ba5 c4 21. Rd5 Ne3
22. fxe5 Nxg2 23. exd6 Ne3 24. Nc5 Nxf1 25. Nxb7 Ne3 26. Re5+ Be6 27. Bc7 Kd7
28. Nc5+ Kc6 29. Nxa6 Bxd6 30. Bxd6 Kxd6 31. Rg5 c3 32. Nb4 Rb8 33. a3 Ra8 34.
Kf2 Nxc2 35. Nxc2 Bxb3 36. Nd4 Bc4 37. Ke3 Rxa3 38. Nb5+ Bxb5 39. Rxb5 c2+ 40.
Kd2 Rxg3 41. Kxc2 Re3 42. Rb7 Ke6 43. Rb6+ Ke5 44. Rb7 Kxe4 45. Re7+ Kd4 46.
Rxf7 g5 47. Kd2 Re5 48. Rd7+ Ke4 49. Ke2 Rf5 50. Ra7 Rf8 51. Ra4+ Ke5 52. Ke3
Rf1 53. Ke2 Rf7 54. Ke3 Rf8 55. Ra5+ Kf6 56. Kf3 Kg6+ 57. Kg3 Rb8 58. Ra3 Rb4
59. Rc3 Kh5 60. Ra3 Rg4+ 61. Kh3 Rg1 62. Kh2 Rb1 63. Kg3 Rb5 64. Rc3 g4 65. Ra3
Kg5 66. Rc3 Re5 1/2-1/2

[Event "World Youth Boys U16 2014"]
[Site "Durban RSA"]
[Date "2014.09.20"]
[Round "1.8"]
[White "Karthikeyan, Murali"]
[Black "Isaev, Chingys"]
[Result "1/2-1/2"]
[WhiteTitle "IM"]
[WhiteElo "2462"]
[BlackElo "1957"]
[WhiteFideId "5074452"]
[BlackFideId "13801660"]
[EventDate "2014.09.20"]

1. e4 e5 2. Nf3 Nc6 3. Bb5 g6 4. c3 a6 5. Bxc6 dxc6 6. Nxe5 Qe7 7. d4 f6 8. Nf3
Qxe4+ 9. Be3 Bg4 10. Nbd2 Qd3 11. h3 Be6 12. Ng1 Bd5 13. Ne2 Bh6 14. Bxh6 Nxh6
15. Nf4 Qf5 16. Qe2+ Kf7 17. Nxd5 cxd5 18. O-O Rhe8 19. Qd1 Qd3 20. Nb3 Qxd1 21.
Rfxd1 Re2 22. Rab1 Nf5 23. Nc5 Nd6 24. Nd3 g5 25. Kf1 Re7 26. Rbc1 a5 27. b3 a4
28. c4 axb3 29. axb3 Ra3 30. Nb4 c6 31. cxd5 Rxb3 32. Rb1 Rxb1 33. Rxb1 Ne4 34.
Rb2 cxd5 35. Nxd5 Rd7 36. Ne3 Rxd4 37. Rxb7+ Kg6 38. g4 Nd6 39. Rd7 Nb5 40. Re7
Nd6 41. Kg2 h5 42. gxh5+ Kxh5 43. Ng4 Kg6 44. Re6 Kg7 45. Kf1 Ne4 46. Rc6 Rd3
47. Kg2 Nd6 48. Ne3 Kg6 1/2-1/2

[Event "World Youth Boys U16 2014"]
[Site "Durban RSA"]
[Date "2014.09.20"]
[Round "1.9"]
[White "Goncalves, Ruan Lucas Alves"]
[Black "Sanal, Vahap"]
[Result "0-1"]
[BlackTitle "IM"]
[WhiteElo "1960"]
[BlackElo "2473"]
[WhiteFideId "2148030"]
[BlackFideId "6300545"]
[EventDate "2014.09.20"]

1. e4 c5 2. Nf3 e6 3. d3 Nc6 4. g3 g6 5. Bg2 Bg7 6. O-O Nge7 7. Nbd2 d5 8. Re1
O-O 9. e5 Qc7 10. Qe2 b5 11. Nf1 b4 12. Bf4 Nf5 13. h4 Ba6 14. Ne3 Nfd4 15. Nxd4
Nxd4 16. Qd2 Rfe8 17. Ng4 h5 18. Nf6+ Bxf6 19. exf6 e5 20. Bh6 Qd6 21. Bg5 Rad8
22. c3 bxc3 23. bxc3 Ne6 24. Rad1 Bb5 25. Bf3 Nf8 26. Qe2 e4 27. Bxh5 Bxd3 28.
Qg4 gxh5 29. Qxh5 Nh7 30. Qh6 Qf8 31. Qh5 Kh8 32. Bh6 Nxf6 33. Qg5 Nh7 34. Qxd8
Rxd8 35. Bxf8 Nxf8 36. f3 Nd7 37. fxe4 dxe4 38. Rd2 Ne5 0-1

[Event "World Youth Boys U16 2014"]
[Site "Durban RSA"]
[Date "2014.09.20"]
[Round "1.10"]
[White "Aravindh, Chithambaram VR."]
[Black "Nassr, Ahmed"]
[Result "1-0"]
[WhiteTitle "IM"]
[WhiteElo "2496"]
[BlackElo "1965"]
[WhiteFideId "5072786"]
[BlackFideId "7904860"]
[EventDate "2014.09.20"]

1. e4 e6 2. d4 d5 3. Nc3 Nf6 4. Bg5 Be7 5. e5 Nfd7 6. Bxe7 Qxe7 7. f4 a6 8. Nf3
c5 9. dxc5 Nxc5 10. Qd2 Nc6 11. Bd3 b5 12. O-O b4 13. Ne2 Bd7 14. Qe3 Nxd3 15.
cxd3 Rc8 16. Nfd4 O-O 17. Nb3 f6 18. exf6 gxf6 19. Rac1 Kh8 20. Nc5 a5 21. Ng3
d4 22. Qe2 Na7 23. Nf5 Qd8 24. Nxe6 Bxe6 25. Qxe6 Nb5 26. Rxc8 Qxc8 27. Qe7 1-0

[Event "World Youth Boys U16 2014"]
[Site "Durban RSA"]
[Date "2014.09.20"]
[Round "1.11"]
[White "Vorontsov, Pavlo"]
[Black "Chen, Junhong"]
[Result "0-1"]
[WhiteTitle "FM"]
[WhiteElo "2397"]
[BlackElo "1846"]
[WhiteFideId "14116367"]
[BlackFideId "8613931"]
[EventDate "2014.09.20"]

1. e4 c5 2. Nf3 Nc6 3. Bb5 d6 4. O-O Bd7 5. Re1 e5 6. c3 Nf6 7. d4 Qc7 8. d5 Ne7
9. c4 Bxb5 10. cxb5 Ng6 11. Nc3 Be7 12. Nd2 O-O 13. Nc4 Nd7 14. Qg4 Nf6 15. Qf3
Qd7 16. Ne3 h6 17. Nf5 Nh7 18. Qg4 Rad8 19. g3 Bf6 20. h4 Kh8 21. Qf3 Ne7 22. a4
Rde8 23. Kg2 Nxf5 24. exf5 Bd8 25. Ne4 Nf6 26. Nxf6 Bxf6 27. Re4 a6 28. Qh5 Kh7
29. b6 a5 30. Bd2 Ra8 31. Ra3 Ra6 32. Rf3 Rxb6 33. g4 Rxb2 34. Be3 Rb4 35. Rxb4
axb4 36. g5 e4 37. Rf4 Be5 38. gxh6 g6 39. Qg4 gxf5 40. Rxf5 Rg8 41. Bg5 f6 42.
Qxe4 Kh8 43. f4 Bd4 44. Kf3 fxg5 45. fxg5 Qe8 46. Qe6 Qh5+ 47. Kg3 Qg6 48. Kg4
b3 49. Rf7 b2 50. Qxg6 Rxg6 51. Rxb7 c4 52. Kf5 Rg8 53. Ke4 Be5 54. Ke3 c3 55.
Kd3 Rf8 56. g6 Kg8 57. h7+ Kh8 58. a5 Bg7 59. a6 Rf3+ 60. Ke2 c2 61. Rb8+ Rf8
62. a7 b1=Q 63. Rxf8+ Bxf8 64. a8=Q Qd1+ 65. Kf2 Qd4+ 66. Ke2 Qd1+ 67. Kf2 Qd2+
68. Kg3 Qe3+ 69. Kg2 Qe4+ 70. Kf2 Qf4+ 0-1

[Event "World Youth Boys U16 2014"]
[Site "Durban RSA"]
[Date "2014.09.20"]
[Round "1.12"]
[White "Sidabras, Ignas"]
[Black "Gajek, Radoslaw"]
[Result "0-1"]
[BlackTitle "FM"]
[WhiteElo "1842"]
[BlackElo "2393"]
[WhiteFideId "12806030"]
[BlackFideId "1125893"]
[EventDate "2014.09.20"]

1. d4 Nf6 2. Bg5 d5 3. e3 c5 4. Bxf6 gxf6 5. c4 cxd4 6. Qxd4 dxc4 7. Qxd8+ Kxd8
8. Bxc4 e6 9. Nc3 a6 10. O-O-O+ Ke7 11. a3 Nd7 12. Nf3 b5 13. Ba2 Rg8 14. Rhg1
Bb7 15. Bb1 f5 16. Bc2 Rxg2 17. Rxg2 Bxf3 18. Rgg1 Bxd1 19. Bxd1 Ne5 20. Be2 Rc8
21. Kb1 Nc4 22. h3 Nxa3+ 23. bxa3 Rxc3 24. Kb2 Rc5 25. Kb3 a5 26. Bd3 Kf6 27.
Rg8 Bd6 28. f4 e5 29. fxe5+ Bxe5 30. Ka2 a4 31. Rg1 Rc3 32. Rd1 Rb3 33. Rd2 Bb2
34. Rxb2 Rxd3 35. Rxb5 Rxe3 36. Rb4 Re4 0-1

[Event "World Youth Boys U16 2014"]
[Site "Durban RSA"]
[Date "2014.09.20"]
[Round "1.13"]
[White "Mousavi, Seyed Khalil"]
[Black "Berman, Jacob"]
[Result "1-0"]
[WhiteTitle "FM"]
[WhiteElo "2348"]
[BlackElo "1837"]
[WhiteFideId "12511099"]
[BlackFideId "2071010"]
[EventDate "2014.09.20"]

1. Nf3 e6 2. c4 d5 3. d4 Nf6 4. e3 c6 5. Nbd2 Nbd7 6. Bd3 Bd6 7. O-O O-O 8. e4
e5 9. cxd5 cxd5 10. Re1 Re8 11. exd5 exd4 12. Ne4 Bb4 13. Nxf6+ Nxf6 14. Rxe8+
Qxe8 15. Qb3 Bd6 16. Bg5 Bg4 17. Re1 Qb8 18. Bxf6 gxf6 19. Bb1 Bh5 20. Qd3 Bg6
21. Qxd4 Qd8 22. h4 Qa5 23. Bxg6 hxg6 24. h5 gxh5 25. Qxf6 Qxd5 26. Nd4 Qa5 27.
Re3 Qd8 28. Qh6 Rc8 29. Rd3 Qh4 30. g3 Qe7 31. Re3 Rc1+ 32. Kg2 Qd8 33. Rd3 Qc7
34. Qg5+ Kf8 35. Nf5 Qc6+ 36. Rf3 Re1 37. Qd8+ Qe8 38. Qxd6+ Kg8 39. Qf6 Qf8 40.
Qg5+ 1-0

[Event "World Youth Boys U16 2014"]
[Site "Durban RSA"]
[Date "2014.09.20"]
[Round "1.14"]
[White "Naotunna, Dineth Nimnaka"]
[Black "Sibashvili, Giorgi"]
[Result "0-1"]
[WhiteElo "1837"]
[BlackElo "2335"]
[WhiteFideId "9919228"]
[BlackFideId "13602799"]
[EventDate "2014.09.20"]

1. d4 Nf6 2. Bf4 g6 3. e3 Bg7 4. Nf3 O-O 5. Be2 d6 6. h3 c5 7. Nbd2 Nbd7 8. O-O
Re8 9. a4 cxd4 10. exd4 e5 11. dxe5 dxe5 12. Bg5 h6 13. Bxf6 Nxf6 14. Nc4 e4 15.
Qxd8 Rxd8 16. Nh2 Nd5 17. c3 Nf4 18. Rfe1 Be6 19. Bf1 f5 20. Rad1 Rac8 21. Rxd8+
Rxd8 22. g3 Nxh3+ 23. Bxh3 Bxc4 24. Nf1 h5 25. Ne3 Bb3 26. Bf1 Bxa4 27. Bc4+ Kf8
28. Nd5 Be5 29. Ra1 b5 30. Ba2 Bc2 31. Nb4 Rd1+ 32. Rxd1 Bxd1 33. Nc6 Bd6 34.
Nxa7 Be2 35. Nc6 Kg7 36. Nd4 Bd3 37. Be6 Kf6 38. Bd7 b4 39. Nb5 bxc3 40. bxc3
Bc5 41. Nd4 Ba3 42. Be8 Bc1 43. Nb5 g5 44. Nc7 h4 45. gxh4 gxh4 46. Nd5+ Kg5 47.
Ne3 f4 48. Nd5 e3 49. fxe3 fxe3 50. Nb4 Be4 51. Bb5 Bd2 52. Kf1 Bxc3 53. Nd3 h3
54. Nc5 Bf3 55. Ne6+ Kf6 56. Nf4 h2 57. Nh5+ Bxh5 58. Kg2 Be5 0-1

[Event "World Youth Boys U16 2014"]
[Site "Durban RSA"]
[Date "2014.09.20"]
[Round "1.15"]
[White "Lenaerts, Lennert"]
[Black "Tshabalala, Ernest"]
[Result "1-0"]
[WhiteElo "2329"]
[BlackElo "1827"]
[WhiteFideId "211435"]
[BlackFideId "14318466"]
[EventDate "2014.09.20"]

1. d4 d5 2. c4 dxc4 3. Nf3 Nf6 4. e3 c5 5. Bxc4 e6 6. O-O Nc6 7. dxc5 Qxd1 8.
Rxd1 Bxc5 9. a3 a6 10. b4 Be7 11. Bb2 O-O 12. Nbd2 b5 13. Be2 Bb7 14. Nb3 Nd5
15. Nfd4 Rac8 16. Rac1 Nb6 17. Nxc6 Bxc6 18. Bd4 Na4 19. Bc5 Nxc5 20. Nxc5 Bxc5
21. Rxc5 Bd5 22. Rdc1 Rxc5 23. Rxc5 g6 24. f3 Ra8 25. Kf2 Bb3 26. e4 Kg7 27. Ke3
Ba4 28. Kd4 Rd8+ 29. Kc3 Rd7 30. f4 Rd6 31. e5 Rd7 32. Bf3 Bd1 33. Bc6 Ra7 34.
Be4 Be2 35. Kd2 Bf1 36. Ke1 Bc4 37. a4 Kf8 38. Rc8+ Kg7 39. Kd2 Ba2 40. a5 f5
41. Bf3 Kf7 42. Bc6 Bc4 43. g3 h6 44. Rh8 Kg7 45. Rb8 Bd5 46. Bxd5 exd5 47. Rc8
g5 48. Rc6 gxf4 49. gxf4 h5 50. Kd3 Kf7 51. Kd4 Rd7 52. Rxa6 Rc7 53. Ra8 Rc4+
54. Kxd5 Rxb4 55. a6 Rxf4 56. a7 Rc4 57. e6+ 1-0

[Event "World Youth Boys U16 2014"]
[Site "Durban RSA"]
[Date "2014.09.20"]
[Round "1.16"]
[White "Subramaniam, Shreyes"]
[Black "Song, Edward"]
[Result "1-0"]
[WhiteElo "1813"]
[BlackElo "2323"]
[WhiteFideId "5707153"]
[BlackFideId "2051192"]
[EventDate "2014.09.20"]

1. e4 c5 2. Nf3 d6 3. d4 cxd4 4. Nxd4 Nf6 5. Nc3 a6 6. Be3 Ng4 7. Bc1 Nf6 8. Be2
e5 9. Nb3 Be7 10. O-O O-O 11. Be3 Be6 12. f4 exf4 13. Bxf4 Nc6 14. Bf3 Ne5 15.
Nd5 Bxd5 16. exd5 Nfd7 17. Nd4 Bg5 18. Be4 Bxf4 19. Rxf4 g6 20. c3 Qe7 21. Qf1
Rae8 22. Re1 Qd8 23. Re2 Qg5 24. Qf2 Nc5 25. h4 Qd8 26. Qg3 Ned7 27. h5 Nxe4 28.
Rfxe4 Rxe4 29. Rxe4 Nf6 30. Rh4 Nxd5 31. hxg6 fxg6 32. Ne6 Qb6+ 33. Rd4 Re8 34.
Ng5 Re5 35. Nf3 Rf5 36. Nh4 Rf4 37. Nf3 Rxd4 38. Nxd4 Qxb2 39. Qe1 Kg7 40. Ne6+
Kf6 41. Nd4 Nf4 42. Qf1 Ke5 43. g3 Nh5 44. Qe1+ Kd5 45. Qe6+ Kc5 46. Nb3+ Kc6
47. Qe4+ Kb6 48. Qe3+ Kb5 49. Qe4 Qxa2 50. Qxb7+ Ka4 1-0

[Event "World Youth Boys U16 2014"]
[Site "Durban RSA"]
[Date "2014.09.20"]
[Round "1.17"]
[White "Gazik, Viktor"]
[Black "Maguire, Tom"]
[Result "1-0"]
[WhiteTitle "FM"]
[WhiteElo "2315"]
[BlackElo "1810"]
[WhiteFideId "14928752"]
[BlackFideId "3221385"]
[EventDate "2014.09.20"]

1. e4 c6 2. d3 d5 3. Nd2 g6 4. Ngf3 Bg4 5. Qe2 Bg7 6. g3 Nd7 7. Bg2 Ne5 8. O-O
Nxf3+ 9. Nxf3 Bxf3 10. Qxf3 d4 11. g4 e5 12. c4 Bh6 13. Qg3 Qc7 14. g5 Bg7 15.
f4 h6 16. f5 hxg5 17. fxg6 f6 18. Bxg5 O-O-O 19. Bd2 Bh6 20. Rad1 Qg7 21. Bh3+
Kb8 22. Bf5 Ne7 23. Kh1 Bxd2 24. Rxd2 Rh5 25. Rg2 Rg5 26. Qf3 Rxg2 27. Qxg2 Rh8
28. Rg1 Rh5 29. Qe2 Rh4 30. Qe1 Rf4 31. Qb4 Nxf5 32. exf5 a6 33. Qe1 Rxf5 34.
Qh4 Ka7 35. Rg3 c5 36. Kg2 Qd7 37. g7 Qa4 38. g8=Q Qd1 39. Kh3 Qf1+ 40. Rg2
Qxd3+ 41. Qgg3 Rf3 42. Qh5 Rxg3+ 43. hxg3 Qxc4 44. b3 Qf1 45. Kh2 Qc1 46. Qg6
Qf1 47. Qc2 Qb5 48. Qe4 Qd7 49. Rc2 Qd6 50. Kg2 Kb6 51. a3 Qe6 52. Rf2 Ka7 53.
Rf3 Qd6 54. a4 Qd8 55. g4 Qd6 56. Kg3 Qd8 57. a5 Ka8 58. g5 fxg5 59. Rf7 Qb8 60.
Rd7 g4 61. Qd5 e4+ 62. Kg2 e3 63. Rd8 e2 64. Rxb8+ 1-0

[Event "World Youth Boys U16 2014"]
[Site "Durban RSA"]
[Date "2014.09.20"]
[Round "1.18"]
[White "Satre, Mathias"]
[Black "Rakotomaharo, Fy Antenaina"]
[Result "0-1"]
[BlackTitle "CM"]
[WhiteElo "1795"]
[BlackElo "2286"]
[WhiteFideId "1513648"]
[BlackFideId "13100050"]
[EventDate "2014.09.20"]

1. e4 c5 2. Nc3 Nc6 3. g3 g6 4. Bg2 Bg7 5. d3 d6 6. Be3 Qa5 7. Qd2 h5 8. Nd5 Qd8
9. c3 e6 10. Nf4 Qa5 11. Nfe2 Nge7 12. d4 O-O 13. f4 cxd4 14. Nxd4 Nxd4 15. Bxd4
e5 16. Be3 d5 17. exd5 exf4 18. Bxf4 Re8 19. Kf2 Nf5 20. Bf3 Bd7 21. Ne2 h4 22.
Rhe1 hxg3+ 23. Nxg3 Qb6+ 24. Be3 Nxe3 25. Rxe3 Bh6 26. Re1 Rxe3 27. Rxe3 Bxe3+
28. Qxe3 Qxb2+ 29. Be2 Bb5 30. Ne4 Qxa2 31. Nf6+ Kg7 32. Nh5+ gxh5 33. Qe5+ Kg8
34. Qg5+ Kf8 35. Qh6+ Ke8 36. Qh8+ Kd7 37. Qxa8 Qxe2+ 38. Kg3 Qg4+ 39. Kf2 Qf4+
40. Kg2 Bf1+ 41. Kg1 Ba6 0-1

[Event "World Youth Boys U16 2014"]
[Site "Durban RSA"]
[Date "2014.09.20"]
[Round "1.19"]
[White "Rodriguez, Adrien"]
[Black "Essop, Hishaam"]
[Result "1-0"]
[WhiteElo "2284"]
[BlackElo "1752"]
[WhiteFideId "20691866"]
[BlackFideId "14306549"]
[EventDate "2014.09.20"]

1. d4 Nf6 2. Nf3 g6 3. c4 Bg7 4. Nc3 O-O 5. g3 d6 6. Bg2 Nbd7 7. O-O e5 8. Qc2
Re8 9. h3 Qe7 10. Rd1 c6 11. e3 h5 12. b3 Nb8 13. Ba3 e4 14. Nd2 Bf5 15. Rac1
Na6 16. b4 d5 17. Qb3 Qd7 18. cxd5 cxd5 19. b5 Nc7 20. Kh2 Ne6 21. Na4 b6 22.
Rc6 Bf8 23. Bxf8 Rxf8 24. Rdc1 Kg7 25. Qa3 Rfd8 26. f3 g5 27. fxe4 Nxe4 28. Nxe4
dxe4 29. Nc3 a6 30. Qb2 axb5 31. Nxe4 Bxe4 32. d5+ Kg8 33. dxe6 Qd2 34. exf7+
Kh7 35. f8=Q Qxg2+ 36. Qxg2 Rxf8 37. Qxe4+ Kg7 38. Qg6+ 1-0

[Event "World Youth Boys U16 2014"]
[Site "Durban RSA"]
[Date "2014.09.20"]
[Round "1.20"]
[White "Kolver, Chris"]
[Black "Kaczur, Florian"]
[Result "0-1"]
[WhiteElo "1751"]
[BlackElo "2278"]
[WhiteFideId "14307820"]
[BlackFideId "705098"]
[EventDate "2014.09.20"]

1. d4 Nf6 2. c4 e6 3. Nc3 Bb4 4. f3 O-O 5. e4 d5 6. e5 Nfd7 7. a3 Bxc3+ 8. bxc3
dxc4 9. f4 Nb6 10. Nf3 Bd7 11. Be2 Bc6 12. O-O f5 13. exf6 Qxf6 14. Ne5 Bd5 15.
a4 a5 16. Ba3 Re8 17. Qc2 Qf5 18. Qd1 N8d7 19. Kh1 Rad8 20. Rc1 Nxe5 21. fxe5
Qg5 22. Bf3 Qg6 23. Bc5 Bxf3 24. Rxf3 Nd7 25. Ba3 Nxe5 26. Rg3 Qe4 27. Qh5 Ng6
28. Qg5 Qd5 29. Re1 Qxg5 30. Rxg5 e5 31. dxe5 Rxe5 32. Rgxe5 Nxe5 33. Kg1 Ng6
34. Bc5 b6 35. Bd4 c5 36. Bf2 Rd3 37. Re3 Rd1+ 38. Re1 Rxe1+ 39. Bxe1 Nf4 40.
Kf1 Kf7 41. Bg3 Nd5 42. Be1 b5 43. axb5 a4 44. Bd2 a3 45. Bc1 a2 46. Bb2 Ke6 47.
Ke1 Nf4 48. Kd2 Nd3 49. Kc2 Kd7 0-1

[Event "World Youth Boys U16 2014"]
[Site "Durban RSA"]
[Date "2014.09.20"]
[Round "1.22"]
[White "Ali, Abdulaziz"]
[Black "Sosa, Tomas ARG"]
[Result "0-1"]
[WhiteElo "1740"]
[BlackElo "2275"]
[WhiteFideId "9304347"]
[BlackFideId "121576"]
[EventDate "2014.09.20"]

1. e4 c5 2. Nf3 d6 3. d4 cxd4 4. Nxd4 Nf6 5. Nc3 Nc6 6. Bb5 Bd7 7. O-O e6 8. Re1
Rc8 9. Nxc6 bxc6 10. Ba6 Rb8 11. Bf1 e5 12. b3 Be7 13. f4 Ng4 14. Qf3 Qb6+ 15.
Be3 Nxe3 16. Rxe3 Bg4 17. Qf2 exf4 18. Qxf4 Qc5 19. e5 Rb4 20. Ne4 dxe5 21. Qg3
Rxe4 0-1

[Event "World Youth Boys U16 2014"]
[Site "Durban RSA"]
[Date "2014.09.20"]
[Round "1.23"]
[White "Wu, Christopher"]
[Black "Deyzel, Walt"]
[Result "1-0"]
[WhiteElo "2274"]
[BlackElo "1692"]
[WhiteFideId "2040875"]
[BlackFideId "14312271"]
[EventDate "2014.09.20"]

1. e4 c5 2. Nf3 d6 3. d4 cxd4 4. Nxd4 Nf6 5. Nc3 a6 6. h3 e5 7. Nb3 Be6 8. Be3
Nbd7 9. Qd2 h5 10. O-O-O Rc8 11. Kb1 b5 12. f4 Be7 13. Be2 Nb6 14. fxe5 dxe5 15.
Qxd8+ Bxd8 16. Rxd8+ Rxd8 17. Bxb6 1-0

[Event "World Youth Boys U16 2014"]
[Site "Durban RSA"]
[Date "2014.09.20"]
[Round "1.24"]
[White "Lynch, Justin"]
[Black "Nastase, Robert-Paul"]
[Result "0-1"]
[WhiteElo "1689"]
[BlackElo "2255"]
[WhiteFideId "14310120"]
[BlackFideId "1221175"]
[EventDate "2014.09.20"]

1. d4 d5 2. c4 c6 3. Nc3 Nf6 4. g3 e6 5. Bg2 Nbd7 6. Nf3 Bd6 7. O-O O-O 8. Qc2
Qe7 9. Rd1 b6 10. e4 Nxe4 11. Nxe4 dxe4 12. Ng5 f5 13. d5 exd5 14. cxd5 c5 15.
Ne6 Rf7 16. Bh3 Ne5 17. Ng5 Rf8 18. Bg2 h6 19. Nh3 g5 20. Bd2 Ba6 21. Bc3 Nf3+
22. Bxf3 exf3 23. Re1 Be2 24. Kh1 Qe4 25. Qxe4 fxe4 26. Ng1 Bd3 27. Rad1 Rae8
28. Re3 g4 29. Bd2 Kg7 30. Bc3+ Kg6 0-1